00556nam a2200193Ia 450000500170000000800410001702000230005804000190008104100120010008200150011210000210012724500900014826000370023830000150027550400190029065000230030970000200033285000100035220230710135302.0131103s9999 xx 000 0 und d a8125023631cRs 375 aLoreto College aEnglish a574.5bBRO aBrown, Lester R. 4aThe Earth policy readercLester R. Brown, Janet Larsen and Bernie Fischlowitz Roberts aHyderabadbOrient Longmancc2002 axvi,303p.  aIncludes notes aRegional histology aLarsen, Janet  aLCLIB